| 000 | 00570nam a2200241Ia 4500 | ||
|---|---|---|---|
| 005 | 20251020182442.0 | ||
| 008 | 200515s9999 xx 000 0 und d | ||
| 020 | _a84-7897-084-3 | ||
| 082 | _a528.785/M42 | ||
| 100 | _aMena Berrios, Juan | ||
| 245 | 0 | _aCartografía Digital : Desarrollo de Software Interno | |
| 250 | _a1a ed. | ||
| 260 | _aMadrid | ||
| 260 | _bRa-Ma | ||
| 260 | _c1992 | ||
| 300 | _a313 p. | ||
| 300 | _bil., tbl., graf. | ||
| 490 | _aserie paradigma | ||
| 500 | _a1 ejemplar | ||
| 650 | _aCARTOGRAFIA | ||
| 942 | _cLIB | ||
| 999 |
_c563 _d563 |
||